000 01597nam0a2200373 4500
001 RU\NLR\bibl\139547
005 20250618044223.0
020 _aRU
_b98-28198
_9Книжная летопись
021 _aRU
_b98-19241
_9916
035 _a(NLR Aleph) 000136699
090 _a781634
_c781634
100 _a20000410d1997 |||y0rusy50 ca
101 0 _arus
102 _aRU
105 _ay |||||||||
200 1 _aСпортивный фестиваль в учебном заведении
_eСценарий и метод. рекомендации по орг. и проведению фестиваля для преподавателей и учителей физ. воспитания
_fК. Е. Роша, В. Д. Кашин, В. М. Худякова, Н. А. Зоткин
_gМ-во общ. и проф. образования Рос. Федерации, Тамб. гос. ун-т им. Г. Р. Державина
210 _aТамбов
_cТГУ
_d1997
215 _a24,[1] с.
_d21
320 _aБиблиогр.: с. 24 (15 назв.)
610 0 _aФизическое воспитание в высшей школе
675 _a796.034.2:378.1(083.13)
_v3
_zrus
686 _a77
_2rugasnti
686 _a75
_2rubbk
701 1 _aРоша
_bК. Е.
_4070
701 1 _aКашин
_bВ. Д.
_4070
701 1 _aХудякова
_bВ. М.
_4070
701 1 _aЗоткин
_bН. А.
_4070
801 0 _aRU
_bRKP
_c20000410
_gPSBO
801 1 _aRU
_bRKP
_c20000410
801 2 _aRU
_bNLR
_c20010521
_grcr
852 _aNLR
_j2000-4/4729
942 _cBOOK
980 _aNB